000
00319 a2200109 4500
001
ART_3323
005
20260410161714.0
008
260409a
245
1
0
_a
Estanflación estructural
100
1
_a
Olivera, Julio H.G.
773
0
_t
Desarrollo económico
_g
- Vol. 20, Nº 77 (abr./jun. 1980)
_w
REV1174
999
_c
16325
_d
16325